00981nam a2200265Ia 4500003000400000005001700004008004100021020001500062040001800077041000800095082002100103100003000124245011000154250001200264260005700276300002700333440000600360650002900366650003800395650003400433700003000467942003000497999001900527952016900546OSt20260113121501.0210716s2003 xx 000 0 und d a8120323106 cAIMIT LIBRARY aeng a006.42 21bSTER aSteinmetz, Ralf; 9251080 aMultimedia fundamentals : bmedia coding and content processing /cBy Ralf Steinmetz and Klara Nahrstedt. a1st ed. aNew Delhi :bPrentice Hall of India PVt Ltd ,c2003. axvi,274p. ;bPBc24 cm v1 aAudio technology9251081 aComputer- based animation9251082 aOptical storage media9251083 aNahrstedt, Klara.9251084 2ddccBKe1stk006.42 STER c185738d185738 00102ddc40708MCAaAIMITbAIMITeSita Book Houseg175.00iBill no:5174; Bill dt:2003-07-02l0o006.42 STERpMCA05246r2026-05-23 00:00:00v148.75w2021-07-16yBK